Promptuario de la theologia moral (Record no. 8570)
[ view plain ]
| 000 -CABECERA | |
|---|---|
| campo de control de longitud fija | 01443nam a2200241 a 4500 |
| 001 - NÚMERO DE CONTROL | |
| campo de control | BRCA_8919 |
| 005 - FECHA Y HORA DE LA ÚLTIMA TRANSACCIÓN | |
| campo de control | 20190320210446.0 |
| 008 - DATOS DE LONGITUD FIJA--INFORMACIÓN GENERAL | |
| campo de control de longitud fija | 220617s1780----sp-#######---#000-0#spa-# |
| 041 ## - CÓDIGO DE LENGUA | |
| Código de lengua del texto/banda sonora o título independiente | spa |
| 044 ## - CÓDIGO DEL PAÍS DE LA ENTIDAD EDITORA/PRODUCTORA | |
| Código MARC del país | sp |
| 084 ## - OTRO NÚMERO DE CLASIFICACIÓN | |
| Número de clasificación | CO84 |
| Número de documento/Ítem | .L37 1780 |
| 100 1# - ENTRADA PRINCIPAL--NOMBRE DE PERSONA | |
| Nombre de persona | Larraga, Francisco |
| Fechas asociadas al nombre | 1671? - 1724 |
| 9 (RLIN) | 22178 |
| 245 10 - MENCIÓN DE TÍTULO | |
| Título | Promptuario de la theologia moral |
| Mención de responsabilidad, etc. | compuesto primeramente por el P. M. Fr. Francisco Larraga, del sagrado orden de predicadores: después reformado, y corregido en algunas de sus opiniones, é ilustrado con la explicación de varias Constituciones N. SS. P. Benedicto XIV, en especial de las que hablan del Solicitante in Confessione: del Ayuno, &c. por el Convento de Santiago del mismo Orden; y ahora utilísimamente acabado de reformar, añadir, y reducir á mejor método, orden y conexión de doctrinas en todos los demás tratados y materias; Por Don Francisco Santos, y Grosin, presbítero, profesor de theologia; Primera edición. |
| 250 ## - MENCIÓN DE EDICIÓN | |
| Mención de edición | 1a ed. |
| 260 ## - PUBLICACIÓN, DISTRIBUCIÓN, ETC. | |
| Lugar de publicación, distribución, etc. | Madrid |
| Nombre del editor, distribuidor, etc. | En la Imprenta de D. Manuel Martin, calle de la Cruz, donde se hallará |
| Fecha de publicación, distribución, etc. | 1780 |
| 300 ## - DESCRIPCIÓN FÍSICA | |
| Extensión | [11], 735 p. |
| Dimensiones | 21.5 x 15 cm |
| 500 ## - NOTA GENERAL | |
| Nota general | Con privilegio, y licencias necesarias |
| 500 ## - NOTA GENERAL | |
| Nota general | Estado físico: presenta encuadernación en pergamino con cintas rotas, lomo desprendido y algunas hojas manchadas |
| 650 14 - PUNTO DE ACCESO ADICIONAL DE MATERIA--TÉRMINO DE MATERIA | |
| Término de materia o nombre geográfico como elemento de entrada | Teología moral |
| Subdivisión cronológica | Obras anteriores a 1800 |
| 9 (RLIN) | 21355 |
| 700 1# - PUNTO DE ACCESO ADICIONAL--NOMBRE DE PERSONA | |
| Nombre de persona | Benedicto XIV |
| Títulos y otros términos asociados al nombre | Papa |
| 9 (RLIN) | 21877 |
| 902 ## - CATALOGADOR | |
| Iniciales | CFM |
| 942 ## - ELEMENTOS DE PUNTO DE ACCESO ADICIONAL (KOHA) | |
| Fuente del sistema de clasificación o colocación | Library of Congress Classification |
| Tipo de ítem Koha | Libros |
| Estado de retiro | Estado de pérdida | Estado dañado | No para préstamo | Localización permanente | Ubicación/localización actual | Fecha de adquisición | Total de préstamos | Signatura topográfica completa | Código de barras | Fecha visto por última vez | Precio válido a partir de | Tipo de ítem Koha |
|---|---|---|---|---|---|---|---|---|---|---|---|---|
| El ejemplar forma parte de la colección y puede ser consultado según las políticas vigentes. | Biblioteca del Museo Franz Mayer (Rogerio Casas-Alatriste) | Biblioteca del Museo Franz Mayer (Rogerio Casas-Alatriste) | 22/06/2017 | CO84 .L37 1780 | CFM00241 | 22/03/2019 | 22/03/2019 | Libros |